<?xml version="1.0" encoding="UTF-8"?>
<record
    xmlns:xsi="http://www.w3.org/2001/XMLSchema-instance"
    xsi:schemaLocation="http://www.loc.gov/MARC21/slim http://www.loc.gov/standards/marcxml/schema/MARC21slim.xsd"
    xmlns="http://www.loc.gov/MARC21/slim">

  <leader>00551nam a2200205Ia 4500</leader>
  <controlfield tag="008">230125s9999    xx            000 0 und d</controlfield>
  <datafield tag="020" ind1=" " ind2=" ">
    <subfield code="a">81-85386-16-1</subfield>
  </datafield>
  <datafield tag="041" ind1=" " ind2=" ">
    <subfield code="a">eng</subfield>
  </datafield>
  <datafield tag="082" ind1=" " ind2=" ">
    <subfield code="a">658.838</subfield>
    <subfield code="b">BOY/WES</subfield>
  </datafield>
  <datafield tag="100" ind1=" " ind2=" ">
    <subfield code="a">Boyd H W</subfield>
    <subfield code="9">111451</subfield>
  </datafield>
  <datafield tag="245" ind1=" " ind2=" ">
    <subfield code="a">Marketing Research </subfield>
    <subfield code="b">Text and Cases</subfield>
  </datafield>
  <datafield tag="250" ind1=" " ind2=" ">
    <subfield code="a">7th ed</subfield>
  </datafield>
  <datafield tag="260" ind1=" " ind2=" ">
    <subfield code="c">2001</subfield>
    <subfield code="b">AITBS Publication</subfield>
    <subfield code="a">New Delhi</subfield>
  </datafield>
  <datafield tag="300" ind1=" " ind2=" ">
    <subfield code="a">816p</subfield>
  </datafield>
  <datafield tag="500" ind1=" " ind2=" ">
    <subfield code="a">Marketing research</subfield>
  </datafield>
  <datafield tag="500" ind1=" " ind2=" ">
    <subfield code="a">Marketing research</subfield>
  </datafield>
  <datafield tag="650" ind1=" " ind2=" ">
    <subfield code="a">Marketing Management</subfield>
  </datafield>
  <datafield tag="700" ind1=" " ind2=" ">
    <subfield code="a">Boyd H W &amp; Westfall R</subfield>
    <subfield code="9">111452</subfield>
  </datafield>
  <datafield tag="999" ind1=" " ind2=" ">
    <subfield code="c">88363</subfield>
    <subfield code="d">88363</subfield>
  </datafield>
  <datafield tag="952" ind1=" " ind2=" ">
    <subfield code="0">0</subfield>
    <subfield code="1">0</subfield>
    <subfield code="4">0</subfield>
    <subfield code="7">0</subfield>
    <subfield code="a">HIMR</subfield>
    <subfield code="b">HIMR</subfield>
    <subfield code="d">2002-03-18</subfield>
    <subfield code="e">Manneys Book seller</subfield>
    <subfield code="g">275.00</subfield>
    <subfield code="l">0</subfield>
    <subfield code="o">658.838 BOY/WES B02957</subfield>
    <subfield code="p">HIMR-BK-2957</subfield>
    <subfield code="r">2023-01-25 00:00:00</subfield>
    <subfield code="v">275.00</subfield>
    <subfield code="w">2002-03-18</subfield>
    <subfield code="y">BK</subfield>
    <subfield code="z">B02957</subfield>
  </datafield>
  <datafield tag="952" ind1=" " ind2=" ">
    <subfield code="0">0</subfield>
    <subfield code="1">0</subfield>
    <subfield code="4">0</subfield>
    <subfield code="7">0</subfield>
    <subfield code="a">HIMR</subfield>
    <subfield code="b">HIMR</subfield>
    <subfield code="d">1997-06-10</subfield>
    <subfield code="e">Varma Book Distributor</subfield>
    <subfield code="g">195.00</subfield>
    <subfield code="i">114</subfield>
    <subfield code="l">0</subfield>
    <subfield code="o">658.838 BOY/WES B00262</subfield>
    <subfield code="p">HIMR-BK-262</subfield>
    <subfield code="r">2023-01-25 00:00:00</subfield>
    <subfield code="v">166.00</subfield>
    <subfield code="w">1997-06-10</subfield>
    <subfield code="y">BK</subfield>
    <subfield code="z">B00262</subfield>
  </datafield>
  <datafield tag="952" ind1=" " ind2=" ">
    <subfield code="0">0</subfield>
    <subfield code="1">0</subfield>
    <subfield code="4">0</subfield>
    <subfield code="7">0</subfield>
    <subfield code="a">HIMR</subfield>
    <subfield code="b">HIMR</subfield>
    <subfield code="d">2006-01-06</subfield>
    <subfield code="e">Goels Computer Hut</subfield>
    <subfield code="g">310.00</subfield>
    <subfield code="i">1051</subfield>
    <subfield code="l">0</subfield>
    <subfield code="o">658.838 BOY/WES B04842</subfield>
    <subfield code="p">HIMR-BK-4842</subfield>
    <subfield code="r">2023-01-25 00:00:00</subfield>
    <subfield code="v">264.00</subfield>
    <subfield code="w">2006-01-04</subfield>
    <subfield code="y">BK</subfield>
    <subfield code="z">B04842</subfield>
  </datafield>
  <datafield tag="952" ind1=" " ind2=" ">
    <subfield code="0">0</subfield>
    <subfield code="1">0</subfield>
    <subfield code="4">0</subfield>
    <subfield code="7">0</subfield>
    <subfield code="a">HIMR</subfield>
    <subfield code="b">HIMR</subfield>
    <subfield code="d">2006-01-06</subfield>
    <subfield code="e">Goels Computer Hut</subfield>
    <subfield code="g">310.00</subfield>
    <subfield code="i">1051</subfield>
    <subfield code="l">0</subfield>
    <subfield code="o">658.838 BOY/WES B04841</subfield>
    <subfield code="p">HIMR-BK-4841</subfield>
    <subfield code="r">2023-01-25 00:00:00</subfield>
    <subfield code="v">264.00</subfield>
    <subfield code="w">2006-01-04</subfield>
    <subfield code="y">BK</subfield>
    <subfield code="z">B04841</subfield>
  </datafield>
  <datafield tag="952" ind1=" " ind2=" ">
    <subfield code="0">0</subfield>
    <subfield code="1">0</subfield>
    <subfield code="4">0</subfield>
    <subfield code="7">0</subfield>
    <subfield code="a">HIMR</subfield>
    <subfield code="b">HIMR</subfield>
    <subfield code="d">2006-01-06</subfield>
    <subfield code="e">Goels Computer Hut</subfield>
    <subfield code="g">310.00</subfield>
    <subfield code="i">1051</subfield>
    <subfield code="l">0</subfield>
    <subfield code="o">658.838 BOY/WES B04845</subfield>
    <subfield code="p">HIMR-BK-4845</subfield>
    <subfield code="r">2023-01-25 00:00:00</subfield>
    <subfield code="v">264.00</subfield>
    <subfield code="w">2006-01-04</subfield>
    <subfield code="y">BK</subfield>
    <subfield code="z">B04845</subfield>
  </datafield>
  <datafield tag="952" ind1=" " ind2=" ">
    <subfield code="0">0</subfield>
    <subfield code="1">0</subfield>
    <subfield code="4">0</subfield>
    <subfield code="7">0</subfield>
    <subfield code="a">HIMR</subfield>
    <subfield code="b">HIMR</subfield>
    <subfield code="d">2006-01-06</subfield>
    <subfield code="e">Goels Computer Hut</subfield>
    <subfield code="g">310.00</subfield>
    <subfield code="i">1051</subfield>
    <subfield code="l">0</subfield>
    <subfield code="o">658.838 BOY/WES B04843</subfield>
    <subfield code="p">HIMR-BK-4843</subfield>
    <subfield code="r">2023-01-25 00:00:00</subfield>
    <subfield code="v">264.00</subfield>
    <subfield code="w">2006-01-04</subfield>
    <subfield code="y">BK</subfield>
    <subfield code="z">B04843</subfield>
  </datafield>
  <datafield tag="952" ind1=" " ind2=" ">
    <subfield code="0">0</subfield>
    <subfield code="1">0</subfield>
    <subfield code="4">0</subfield>
    <subfield code="7">0</subfield>
    <subfield code="a">HIMR</subfield>
    <subfield code="b">HIMR</subfield>
    <subfield code="d">2006-01-06</subfield>
    <subfield code="e">Goels Computer Hut</subfield>
    <subfield code="g">310.00</subfield>
    <subfield code="i">1051</subfield>
    <subfield code="l">0</subfield>
    <subfield code="o">658.838 BOY/WES B04844</subfield>
    <subfield code="p">HIMR-BK-4844</subfield>
    <subfield code="r">2023-01-25 00:00:00</subfield>
    <subfield code="v">264.00</subfield>
    <subfield code="w">2006-01-04</subfield>
    <subfield code="y">BK</subfield>
    <subfield code="z">B04844</subfield>
  </datafield>
</record>
